The morality of capitalism : what your professors won’t tell you (Record no. 36021)

MARC details
000 -LEADER
fixed length control field 00488nam a2200169Ia 4500
020 ## - INTERNATIONAL STANDARD BOOK NUMBER
ISBN 9780898031706
050 ## - CALL MARK
Classification number HB 501 .M72/
245 #4 - TITLE STATEMENT
Title The morality of capitalism : what your professors won’t tell you
260 ## - PUBLICATION, DISTRIBUTION, ETC. (IMPRINT)
Place of publication Ottawa
260 ## - PUBLICATION, DISTRIBUTION, ETC. (IMPRINT)
Name of publisher Jameson Books
260 ## - PUBLICATION, DISTRIBUTION, ETC. (IMPRINT)
Year of publication 2011
300 ## - PHYSICAL DESCRIPTION
Number of Pages 129 p
650 ## - SUBJECT ADDED ENTRY--TOPICAL TERM
Topical Term Capitalism--Moral and ethical aspects. Economics--Moral and ethical aspects.
942 ## - ADDED ENTRY ELEMENTS (KOHA)
Koha item type Books
Holdings
Withdrawn status Lost status Source of classification or shelving scheme Damaged status Not for loan Permanent Location Current Location Date acquired Accession Number Price effective from Koha item type
    Library of Congress Classification     NILE UNIVERSITY OF NIGERIA - MAIN LIBRARY NILE UNIVERSITY OF NIGERIA - MAIN LIBRARY 04/23/2025 0011867 04/23/2025 Books